|
|
|
|
| LEADER |
00968nam a2200241 a 4500 |
| 008 |
090517s1994 enka b 001 0 eng d |
| 020 |
|
|
|a 0702020192 (pbk) :
|c Đ28.95
|
| 020 |
|
|
|a 0702024589 (international ed.) :
|c No price
|
| 020 |
|
|
|a 0702019119
|
| 040 |
|
|
|a StDuBDS
|d Uk
|
| 082 |
0 |
4 |
|a 616
|2 20
|
| 245 |
1 |
0 |
|a Clinical medicine :
|b a textbook for medical students and doctors /
|c edited by Parveen Kumar, Michael Clark.
|
| 250 |
|
|
|a 3rd ed.
|
| 260 |
|
|
|a London :
|b Bailliere Tindall,
|c 1994.
|
| 300 |
|
|
|a xiii,1135p. :
|b ill. ;
|c 27cm.
|
| 504 |
|
|
|a Includes index.
|
| 541 |
1 |
|
|e 00006034
|
| 650 |
|
0 |
|a Clinical medicine.
|
| 700 |
1 |
|
|a Kumar, Parveen J.
|q (Parveen June)
|
| 700 |
1 |
|
|a Clark, Michael L.
|
| 852 |
4 |
|
|a Ayesha Abed Library
|j Generalshelf
|
| 999 |
|
|
|c 774
|d 774
|
| 952 |
|
|
|0 0
|1 0
|2 ddc
|4 0
|6 616_CLI_199400000000000
|7 0
|8 NFIC
|9 713
|a BRACUL
|b BRACUL
|c GEN
|d 2009-05-18
|g 672.00
|l 0
|o 616 CLI
|p 3010006034
|r 2009-05-18
|t 1
|v 1344.00
|w 2009-05-18
|y BK
|